Absolútna prednosť električiek bakalárska práca

Saved in:
Bibliographic Details
Main Author: Briestenská Vlčková, Katarína
Corporate Author: Fakulta hospodárskej informatiky EU. Katedra operačného výskumu a ekonometrie
Other Authors: Feik, Michal
Format: Book
Language:Slovak
Published: Bratislava 2010
Tags: Add Tag
No Tags, Be the first to tag this record!

MARC

LEADER 00000nbm a2200000 4500
001 0136252
005 20160428114442.3
041 0 |a slo 
044 |a SK 
245 1 0 |a Absolútna prednosť električiek  |b bakalárska práca  |c Katarína Briestenská Vlčková ; školiteľ: Michal Feik 
264 1 |a Bratislava  |c 2010 
300 |a 48 s. 
100 1 |a Briestenská Vlčková, Katarína 
700 1 |a Feik, Michal 
710 2 |a Fakulta hospodárskej informatiky EU. Katedra operačného výskumu a ekonometrie